00261nam a2200109Ia 4500008004100000100003100041245003300072260001500105300000900120942000700129999001500136190216s9999||||xx |||||||||||||| ||und|| aGulshan Ss & Kapoor Gk 0aHand Book Of Corporate Laws bNullc1985 a420p cBK c5351d5351